All 5k+ cities in Wyoming on a map - Statistics

General Stats
  • This quiz has been taken 8 times
  • The average score is 10 of 16
Answers on the Map
Answers color-coded by a green-red scale on the quiz's map according to % correct below.
 
Answer Stats
City Population % Correct
Casper 59,038
100%
Cheyenne 65,132
100%
Cody 10,028
100%
Laramie 31,407
86%
Gillette 33,403
71%
Green River 11,825
71%
Jackson 10,760
71%
Rock Springs 23,526
71%
Evanston 11,747
57%
Rawlins 8,221
57%
Sheridan 18,737
57%
Riverton 10,682
43%
Torrington 6,119
29%
Douglas 6,386
14%
Lander 7,546
14%
Powell 6,419
14%
No matching quizzes found
Score Distribution
Percent of People with Each Score
Percentile by Number Answered
Your Score History
You have not taken this quiz